01279nam a2200325 ia4500003000400000005001700004008004100021020003900062040002700101082001200128090001700140100003500157245003900192264005100231264001100282300008200293336002100375337002500396338002300421490003700444500002100481520024600502521001500748650003800763650004300801650004200844830003700886942001100923999001900934OSt20260525165113.0260525t20252025nyuoab br 001 0 eng d a9781510566934cRM137.50qhardback  aPPAK bengcPPAKerda 04a53722300a537bGOL dK1 aGoldsworthy, Kaite, eauthor. 10aELECTRICITY / cKAITE GOLDSWORTHY  1aNew York : bLightbox Learning Inc., c[2025?] 4c©2025 a24 pages : bcolour photographs, colour illustrations, colour maps ; c26 cm  atext2rdacontent aunmediated2rdamedia avolume2rdacarrier1 aTHE BEGINNER'S GUIDE TO PHYSICS  aIncludes index.  aElectricity is one of the most commonly used types of energy in the world. It provides people with light, power, and heat. There is even electricity in the human body. Find out more in Electricity, a title in The Beginner's Guide to Physics. aAges 8-11.10aElectricity vJuvenile literature20aEnergy conversionvJuvenile literature20aPhysical sciencevJuvenile literature 0aThe beginner's guide to Physics  2ddccB c204454d204454